| 000 | 00421nam a22001457a 4500 | ||
|---|---|---|---|
| 999 |
_c12326 _d12326 |
||
| 008 | 190122b ||||| |||| 00| 0 eng d | ||
| 020 | _a0119-464X | ||
| 082 |
_21999 _aDFil 929.81 _bR14 |
||
| 245 |
_aThe Ramon Magsaysay awards: _b1992-1993 |
||
| 260 |
_aManila: _bRamon Magsaysay Award Foundation, _c1999 |
||
| 300 |
_axv, 290 pages: _c22 cm. |
||
| 440 |
_vVol. XI _934821 |
||
| 500 | _aIncludes index. | ||
| 942 |
_2ddc _cDFIL |
||